| 000 | 01102cam a2200229 4500 | ||
|---|---|---|---|
| 001 | ABS66177 | ||
| 008 | 021118n2002 000 0 eng u | ||
| 035 | _a(Sirsi) u120485 | ||
| 100 | _aCoffer, A | ||
| 245 | _aPunt or shunt | ||
| 260 | _c2002 | ||
| 490 |
_aEstates Gazette _v(0244) 2 November 2002, 67-72(6) |
||
| 520 | _aExamines the shortlisting process to buy development sites of the former Railtrack plc. Explains that three developers are down to compete for the sites where potential profits are thought to add up to £300m. Some companies are not happy with the amount of information railtrack is giving about its finances but the company insists that it is normal not to volunteer information that might jeopardise the chances of getting the best price. Includes Railtrack Development Ltd's list of major sites and its estimates of their development profits. | ||
| 590 | _aABS | ||
| 650 | _aRAILTRACK DEVELOPMENT LTD | ||
| 650 | _aRAILTRACK PLC | ||
| 650 | _aNETWORK RAIL | ||
| 650 | _aSELL OFF | ||
| 650 | _aPROPERTY SALE | ||
| 690 |
_aPROPERTY MANAGEMENT _96262 |
||
| 942 | _n0 | ||
| 999 |
_c71574 _d71574 |
||